• 首页
  • 本馆介绍
  • 公告通知
  • 最新文献
  • 馆藏检索
  • 电子资源
  • 读者导购
  • 参考咨询
  • 我的图书馆
  • 登录
  • 详细信息显示
  • 放入我的书架
  • 预约/预借图书
  • 作者相关作品
  • 分类相关作品
  • 丛书相关作品
  • 出版社相关作品

书目信息

  • 表格格式
  • 工作单格式
  • 卡片格式
题名:
实用白描画稿
    
 
作者: 李晓明 绘
分册:   牡丹
出版信息: 天津   天津杨柳青画社  2012.03
页数: 80页
开本: 25×26cm
丛书名:
单 册:
中图分类: J222.7 , J222.77
科图分类:
主题词: 白描--作品集--中国--现代 , 牡丹--白描--花卉画--作品集--中国--现代 , 白描 , 牡丹 , 花卉画
电子资源:
ISBN: 978-7-80738-813-5
000 00979nam0 2200301 450
001 005712980
005 20140612093748.12
010    @a978-7-80738-813-5@dCNY28.00
100    @a20120330d2012 em y0chiy0110 ea
101 0  @achi
102    @aCN@b120000
105    @aa z 000yy
106    @ar
200 1  @a实用白描画稿@9shi yong bai miao hua gao@i牡丹@f李晓明[等]绘
210    @a天津@c天津杨柳青画社@d2012.03
215    @a80页@d25×26cm
304    @a绘者还有:李怀臣、雷长虹、李志刚、吕贤文、裴天英
330    @a本书内容包括:花头造型;花蕾;叶子及花蕾;叶子造型;老干;大富贵;牡丹双蝶;牡丹山雀;雪莲;白玉兰;洛阳红;如意;牡丹小品等。
606 0  @a白描@x作品集@y中国@z现代
606 0  @a牡丹@x白描@x花卉画@x作品集@y中国@z现代
606 0  @a白描
606 0  @a牡丹
606 0  @a花卉画
690    @aJ222.7@v5
690    @aJ222.77@v5
701  0 @a李晓明@9li xiao ming@c(美术,@f1959~)@4绘
801  0 @aCN@bNLC@c20120621
905    @b549473-76@dJ222.7@e297@f4
    
    实用白描画稿.牡丹/李晓明[等]绘.-天津:天津杨柳青画社,2012.03
    80页;25×26cm
    
    
    ISBN 978-7-80738-813-5:CNY28.00
    本书内容包括:花头造型;花蕾;叶子及花蕾;叶子造型;老干;大富贵;牡丹双蝶;牡丹山雀;雪莲;白玉兰;洛阳红;如意;牡丹小品等。
●
相关链接 在E读中查询图书 在五车中查询图书 在当当中查询图书 在豆瓣中查询图书


正题名:实用白描画稿     索取号:J222.7/297         预约/预借

序号 登录号 条形码 馆藏地/架位号 状态 备注
1 549473   205494730   第一样本阅览室/ [索取号:J222.7/297] 在馆    
2 549474   205494749   第一借阅区/ [索取号:J222.7/297] 在馆    
3 549475   205494758   第一借阅区/ [索取号:J222.7/297] 在馆    
4 549476   205494767   第一借阅区/ [索取号:J222.7/297] 在馆    
唐山师范学院图书馆 欢迎您!
大连网信软件有限公司© 版权所有